Elaboración de un programa para la prevención de la contaminación debido a desechos sólidos y líquidos en la empresa IREX de Costa Rica
Gorde:
| Egile nagusia: | |
|---|---|
| Formatua: | Liburua |
| Argitaratua: |
San José, C.R.
2000
|
| Gaiak: | |
| Etiketak: |
Etiketa erantsi
Etiketarik gabe, Izan zaitez lehena erregistro honi etiketa jartzen!
|
MARC
| LEADER | 00000nam a2200000Ia 4500 | ||
|---|---|---|---|
| 003 | 008621 | ||
| 005 | 20221231144204.0 | ||
| 008 | 140114s2000 cr a m 000 ||s d | ||
| 040 | |c cru CEDI | ||
| 090 | |a TFG 4238 | ||
| 100 | |a Lizano Soto, Miguel Antonio |9 7916 | ||
| 245 | |a Elaboración de un programa para la prevención de la contaminación debido a desechos sólidos y líquidos en la empresa IREX de Costa Rica | ||
| 260 | |c 2000 |a San José, C.R. | ||
| 300 | |a vi, 104 hojas : ilustraciones | ||
| 500 | |a Proyecto de graduación (licenciatura en ingeniería química)--Universidad de Costa Rica. Facultad de Ingeniería. Escuela de Ingeniería Química | ||
| 650 | |x RESIDUOS SOLIDOS |x AGUAS RESIDUALES |x APROVECHAMIENTO DE RESIDUOS |x PURIFICACION DE AGUAS RESIDUALES |9 7917 | ||
| 942 | |c TFG | ||
| 999 | |c 18176 |d 18176 | ||
